000 00341nam a22001457a 4500
003 OSt
005 20160727222358.0
008 160622b xxu||||| |||| 00| 0 eng d
040 _cTEST
100 _9604
_aMarshall, C
245 _aSomething More
260 _aN.Y
_b The Hearrly Coporation
_c1974
300 _aSomething More
942 _2ddc
_cBK
999 _c494
_d494